| 000 | 00495nam a2200217Ia 4500 | ||
|---|---|---|---|
| 008 | 210901s9999||||xx |||||||||||||| ||und|| | ||
| 020 | _c0 | ||
| 040 | _c311624 | ||
| 049 | _aEM0000003443 | ||
| 090 | _a230.7 | ||
| 090 | _b종534 | ||
| 090 | _cv.1-2 | ||
| 245 | 0 | _a종교교육 | |
| 245 | 0 | _n1-2 | |
| 260 | _a서울 | ||
| 260 | _b조선주일학교연합회 | ||
| 260 | _c1930-1931 | ||
| 300 | _c23cm | ||
| 505 | _av.1 no.3,6,10-12(1930) v.2 no.1-7, 10(1931) | ||
| 653 | _a종교교육 | ||
| 999 |
_c4350 _d4350 |
||